000 00806nas a2200253 4500
001 BR0303957
003 BR-BrBNA
005 20231205103940.0
007 ta
008 230509b bl.|||p| |||| 00| 00por d
040 _aBR-BrBNA
_bpor
_cBiblioteca Nacional de Agricultura
041 _a(Pt)
072 _aH60
100 1 _aBaio, F.H.R.
100 1 _aBalastreire, L.A.
245 1 _aAvaliação de um sistema para aplicação localizada de defensivos baseada na variabilidade espacial das plantas daninhas
650 _aERVA DANINHA
650 _aHERBICIDA
650 _aDOSE
650 _aAGRICULTURA DE PRECISÃO
773 0 _tEngenharia Agrícola (Brazil)
_xISSN 0100-6916
_g(May-Aug 2003), v. 23(2) p. 316-325
_wBR0303957
909 _a202311
_bLúcia
_c55
_dLúcia Elande
942 _2AGRIS
_n0
_cANA
999 _c175596
_d175596